MARC details
| 000 -LEADER |
| fixed length control field |
03106nam a2200337 a 4500 |
| 008 - FIXED-LENGTH DATA ELEMENTS--GENERAL INFORMATION |
| fixed length control field |
090508s1955 ||||||||||||||||| || u |
| 050 ## - LIBRARY OF CONGRESS CALL NUMBER |
| Classification number |
GOV.ZAM(058)ERE/1953 |
| 110 ## - MAIN ENTRY--CORPORATE NAME |
| Corporate name or jurisdiction name as entry element |
Government of the Republic of Zambia. Ministry of finance |
| 245 10 - TITLE STATEMENT |
| Title |
Northern Rhodesia approved estimates of revenue and expenditure for the year 1st July to 30th June (1953, 1954/55, 55/56, 56/57, 58/59, 59/60, 60/61, 61/62, 62/63, 63/64, 64/65, 65/66, 68, 70) |
| 260 ## - PUBLICATION, DISTRIBUTION, ETC. |
| Place of publication, distribution, etc. |
Lusaka: |
| Name of publisher, distributor, etc. |
Government Printer |
| Date of publication, distribution, etc. |
1955 |
| 300 ## - PHYSICAL DESCRIPTION |
| Extent |
241p. :ill. |
| 350 ## - |
| -- |
0.00 |
| 500 ## - GENERAL NOTE |
| General note |
LIBRARY HOLDING: 53, 54/55, 55/56, 56/57, 58/59, 59/60, 60/61, 61/62, 62/63, 63/64, 64/65, 65/66, 68, 70 |
| 650 ## - SUBJECT ADDED ENTRY--TOPICAL TERM |
| Topical term or geographic name entry element |
BUDGET PLANNING--ZAMBIA |
| 650 #0 - SUBJECT ADDED ENTRY--TOPICAL TERM |
| Topical term or geographic name entry element |
ECONOMICS |
| 650 ## - SUBJECT ADDED ENTRY--TOPICAL TERM |
| Topical term or geographic name entry element |
EXPENDITURES, PUBLIC--ZAMBIA |
| 995 ## - |
| -- |
SPECIAL COLLECTIONS |
| -- |
0.00 |
| -- |
03003942 |
| -- |
CBU-MAIN LIBRARY (Kitwe) |
| -- |
1 |
| -- |
0.00 |
| -- |
GOV.ZAM(058)ERE/1956 |
| -- |
4 |
| -- |
AVAILABLE |
| -- |
May 14, 2009 |
| -- |
03003942 |
| -- |
Zambiana Collection |
| 995 ## - |
| -- |
SPECIAL COLLECTIONS |
| -- |
0.00 |
| -- |
03003946 |
| -- |
CBU-MAIN LIBRARY (Kitwe) |
| -- |
1 |
| -- |
0.00 |
| -- |
GOV.ZAM(058)ERE/1968 |
| -- |
13 |
| -- |
AVAILABLE |
| -- |
May 14, 2009 |
| -- |
03003946 |
| -- |
Zambiana Collection |
| 995 ## - |
| -- |
SPECIAL COLLECTIONS |
| -- |
0.00 |
| -- |
03003949 |
| -- |
CBU-MAIN LIBRARY (Kitwe) |
| -- |
1 |
| -- |
0.00 |
| -- |
GOV.ZAM(058)ERE/1962 |
| -- |
9 |
| -- |
AVAILABLE |
| -- |
May 14, 2009 |
| -- |
03003949 |
| -- |
Zambiana Collection |
| 995 ## - |
| -- |
SPECIAL COLLECTIONS |
| -- |
0.00 |
| -- |
03003943 |
| -- |
CBU-MAIN LIBRARY (Kitwe) |
| -- |
1 |
| -- |
0.00 |
| -- |
GOV.ZAM(058)ERE/1958 |
| -- |
5 |
| -- |
AVAILABLE |
| -- |
May 14, 2009 |
| -- |
03003943 |
| -- |
Zambiana Collection |
| 995 ## - |
| -- |
SPECIAL COLLECTIONS |
| -- |
0.00 |
| -- |
03003944 |
| -- |
CBU-MAIN LIBRARY (Kitwe) |
| -- |
1 |
| -- |
0.00 |
| -- |
GOV.ZAM(058)ERE/1964 |
| -- |
11 |
| -- |
AVAILABLE |
| -- |
May 14, 2009 |
| -- |
03003944 |
| -- |
Zambiana Collection |
| 995 ## - |
| -- |
SPECIAL COLLECTIONS |
| -- |
0.00 |
| -- |
03003939 |
| -- |
CBU-MAIN LIBRARY (Kitwe) |
| -- |
1 |
| -- |
0.00 |
| -- |
GOV.ZAM(058)ERE/1954 |
| -- |
2 |
| -- |
AVAILABLE |
| -- |
May 14, 2009 |
| -- |
03003939 |
| -- |
Zambiana Collection |
| 995 ## - |
| -- |
SPECIAL COLLECTIONS |
| -- |
0.00 |
| -- |
03003945 |
| -- |
CBU-MAIN LIBRARY (Kitwe) |
| -- |
1 |
| -- |
0.00 |
| -- |
GOV.ZAM(058)ERE/1965 |
| -- |
12 |
| -- |
AVAILABLE |
| -- |
May 14, 2009 |
| -- |
03003945 |
| -- |
Zambiana Collection |
| 995 ## - |
| -- |
SPECIAL COLLECTIONS |
| -- |
0.00 |
| -- |
03003947 |
| -- |
CBU-MAIN LIBRARY (Kitwe) |
| -- |
1 |
| -- |
0.00 |
| -- |
GOV.ZAM(058)ERE/1970 |
| -- |
14 |
| -- |
AVAILABLE |
| -- |
May 14, 2009 |
| -- |
03003947 |
| -- |
Zambiana Collection |
| 995 ## - |
| -- |
SPECIAL COLLECTIONS |
| -- |
0.00 |
| -- |
03003952 |
| -- |
CBU-MAIN LIBRARY (Kitwe) |
| -- |
1 |
| -- |
0.00 |
| -- |
GOV.ZAM(058)ERE/1959 |
| -- |
6 |
| -- |
AVAILABLE |
| -- |
May 14, 2009 |
| -- |
03003952 |
| -- |
Zambiana Collection |
| 995 ## - |
| -- |
SPECIAL COLLECTIONS |
| -- |
03003941 |
| -- |
CBU-MAIN LIBRARY (Kitwe) |
| -- |
0.00 |
| -- |
GOV.ZAM(058)ERE/1953 |
| -- |
1 |
| -- |
AVAILABLE |
| -- |
May 18, 2015 |
| -- |
03003941 |
| -- |
Zambiana Collection |
| 995 ## - |
| -- |
SPECIAL COLLECTIONS |
| -- |
0.00 |
| -- |
03003951 |
| -- |
CBU-MAIN LIBRARY (Kitwe) |
| -- |
1 |
| -- |
0.00 |
| -- |
GOV.ZAM(058)ERE/1960 |
| -- |
7 |
| -- |
AVAILABLE |
| -- |
May 14, 2009 |
| -- |
03003951 |
| -- |
Zambiana Collection |
| 995 ## - |
| -- |
SPECIAL COLLECTIONS |
| -- |
0.00 |
| -- |
03003908 |
| -- |
CBU-MAIN LIBRARY (Kitwe) |
| -- |
1 |
| -- |
0.00 |
| -- |
GOV.ZAM(058)ERE/1955 |
| -- |
3 |
| -- |
AVAILABLE |
| -- |
May 8, 2009 |
| -- |
03003908 |
| -- |
Zambiana Collection |
| 995 ## - |
| -- |
SPECIAL COLLECTIONS |
| -- |
0.00 |
| -- |
03003950 |
| -- |
CBU-MAIN LIBRARY (Kitwe) |
| -- |
1 |
| -- |
0.00 |
| -- |
GOV.ZAM(058)ERE/1961 |
| -- |
8 |
| -- |
AVAILABLE |
| -- |
May 14, 2009 |
| -- |
03003950 |
| -- |
Zambiana Collection |
| 995 ## - |
| -- |
SPECIAL COLLECTIONS |
| -- |
0.00 |
| -- |
03003948 |
| -- |
CBU-MAIN LIBRARY (Kitwe) |
| -- |
1 |
| -- |
0.00 |
| -- |
GOV.ZAM(058)ERE/1963 |
| -- |
10 |
| -- |
AVAILABLE |
| -- |
May 14, 2009 |
| -- |
03003948 |
| -- |
Zambiana Collection |
| 999 ## - |
| -- |
78833 |
| -- |
78833 |